00332nam a22000977a 4500020001800000100003000018245006600048264008300114300002000197999001700217 a97899456439921 aMilton Ray Guevara9880630 aDiscursos del presidente del Tribunal Constitucional, vol. IV aSanto Domingo :bTribunal Constitucional de la República Dominicana, c2023. a726 páginas ; c58685d58685